000 00700nam a2200205 i 4500
001 114821
003 ES-MaACL
005 20251011063124.0
007 t|
008 070330s1908 cu ||||1| spa d
080 _a821.134.2.09
100 1 _aRodríguez García, José Antonio,
_d1864-1934
_998540
245 1 0 _aNotas literarias /
_cpor José A. Rodríguez García.
260 _aHabana :
_b[s.n.],
_c1908 (
_fImprenta de Cerdeira)
300 _a32 p. ;
_c21 cm.
500 _aEn la cubierta: De enseñanza, Notas literarias, Días de Guerra. Reparto 1º.
650 4 _aLiteratura española-
_xHistoria y crítica
_914560
852 _aES-MaACL
_jT-1140-F-4
999 _c114821
_d114821